[Event "MCC Hot Summer Days"]
[Site "Natick"]
[Date "2014.08.26"]
[Round "4.3"]
[White "Yip, Carissa"]
[Black "Wetzell, Rolf"]
[Result "1-0"]
[WhiteElo "2141"]
[BlackElo "2010"]
[PlyCount "55"]
[EventDate "2014.08.05"]
[EventType "swiss"]
[EventRounds "4"]
[EventCountry "USA"]
[SourceTitle "EXT 2023"]
[Source "ChessBase"]
[SourceDate "2022.10.05"]
[SourceVersion "1"]
[SourceVersionDate "2022.10.05"]
[SourceQuality "1"]

1. e4 c6 2. d4 d5 3. Nc3 dxe4 4. Nxe4 Nd7 5. Nf3 Ngf6 6. Nxf6+ Nxf6 7. Bd3 Bg4 8. c3 e6 9. h3 Bh5 10. Qe2 Bg6 11. Bxg6 hxg6 12. Bd2 Qc7 13. 0-0-0 0-0-0 14. Kb1 Bd6 15. g4 Nd5 16. Ne5 Bxe5 17. dxe5 Rh7 18. Bg5 Rdh8 19. c4 Nb6 20. Rd6 Re8 21. Rhd1 Rhh8 22. Qd3 Kb8 23. Bd8 Qc8 24. Bxb6 axb6 25. Rd7 Rhf8 26. Qd6+ Ka7 27. Rd3 b5 28. Ra3+ 1-0

[Event "MCC Independence Day"]
[Site "Natick"]
[Date "2014.07.22"]
[Round "4.6"]
[White "Kaden, Gregory O"]
[Black "Wetzell, Rolf"]
[Result "1-0"]
[WhiteElo "2169"]
[BlackElo "2036"]
[PlyCount "29"]
[EventDate "2014.07.01"]
[EventType "swiss"]
[EventRounds "5"]
[EventCountry "USA"]
[SourceTitle "EXT 2023"]
[Source "ChessBase"]
[SourceDate "2022.10.05"]
[SourceVersion "1"]
[SourceVersionDate "2022.10.05"]
[SourceQuality "1"]

1. e4 c6 2. d4 d5 3. Nd2 dxe4 4. Nxe4 Nd7 5. Nf3 Ngf6 6. Ng3 e6 7. Bd3 c5 8. 0-0 b6 9. Re1 Be7 10. Ne5 Bb7 11. Bb5 0-0 12. Bc6 Bxc6 13. Nxc6 Qe8 14. Nf5 Nd5 15. c4 1-0

[Event "MCC Independence Day"]
[Site "Natick"]
[Date "2014.07.01"]
[Round "1.3"]
[White "Williams, Christopher"]
[Black "Wetzell, Rolf"]
[Result "1-0"]
[WhiteElo "2301"]
[BlackElo "2036"]
[PlyCount "62"]
[EventDate "2014.07.01"]
[EventType "swiss"]
[EventRounds "5"]
[EventCountry "USA"]
[SourceTitle "EXT 2023"]
[Source "ChessBase"]
[SourceDate "2022.10.05"]
[SourceVersion "1"]
[SourceVersionDate "2022.10.05"]
[SourceQuality "1"]

1. e4 c6 2. d3 d5 3. Nd2 e5 4. Ngf3 Bd6 5. Qe2 Qc7 6. g3 Ne7 7. Bg2 f6 8. 0-0 Be6 9. Re1 d4 10. h4 Nd7 11. c3 c5 12. Nf1 0-0-0 13. Bd2 Kb8 14. a4 Nc6 15. cxd4 cxd4 16. a5 Nc5 17. b4 Nb3 18. Rab1 Qe7 19. a6 b6 20. b5 Nca5 21. Bxa5 Nxa5 22. N1d2 Bb4 23. Rec1 Bc3 24. Qd1 Ba2 25. Qa4 Bxb1 26. Nxb1 Bb4 27. Bh3 Bc5 28. h5 g6 29. Nh4 Rhg8 30. Qa2 Rg7 31. Nd2 Qd6 1-0

[Event "MCC Thanksgiving op"]
[Site "Natick"]
[Date "2013.11.05"]
[Round "1.3"]
[White "Wetzell, Rolf"]
[Black "Godin, Eric J"]
[Result "0-1"]
[WhiteElo "2000"]
[BlackElo "2208"]
[PlyCount "62"]
[EventDate "2013.11.05"]
[EventType "swiss"]
[EventRounds "4"]
[EventCountry "USA"]
[SourceTitle "EXT 2023"]
[Source "ChessBase"]
[SourceDate "2022.10.05"]
[SourceVersion "1"]
[SourceVersionDate "2022.10.05"]
[SourceQuality "1"]

1. d4 Nf6 2. Nf3 c5 3. c3 e6 4. Bf4 d5 5. Bxb8 Rxb8 6. Qa4+ Bd7 7. Qxa7 cxd4 8. Qxd4 Qc7 9. e3 Bc5 10. Qd1 0-0 11. Bd3 e5 12. Be2 b5 13. 0-0 e4 14. Nd4 Qe5 15. Re1 Bd6 16. g3 h5 17. f4 exf3 18. Bxf3 h4 19. Re2 hxg3 20. hxg3 Qxg3+ 21. Rg2 Qe5 22. Qe1 Rfe8 23. Nd2 Qxe3+ 24. Qxe3 Rxe3 25. a3 Bc5 26. N2b3 Ba7 27. Kf2 Rbe8 28. Rgg1 R3e5 29. Rge1 Ne4+ 30. Kg2 Rg5+ 31. Kh1 Nf2+ 0-1